Everyday life in ancient Greece

Αποθηκεύτηκε σε:
Λεπτομέρειες βιβλιογραφικής εγγραφής
Κύριος συγγραφέας: Robinson, Cyril Edward 1884-
Μορφή: Βιβλίο
Γλώσσα:English
Δημοσίευση: Connecticut : Greenwood Press, c1978
Θέματα:
Ετικέτες: Προσθήκη ετικέτας
Δεν υπάρχουν, Καταχωρήστε ετικέτα πρώτοι!

MARC

LEADER 00000nam a2200000 i 4500
001 1/25629
008 981209s1978 eng d
020 |a 0-8371-9078-9 
035 |l 10037381 
040 |a GR-MY-UA  |b gre  |e aacr 
041 0 |a eng 
082 0 |a 938 
100 1 |a Robinson, Cyril Edward  |d 1884- 
245 1 0 |a Everyday life in ancient Greece /  |c by C. E. Robinson 
260 |a Connecticut :   |b Greenwood Press,   |c c1978 
300 |a 159 p. 
500 |a Reprint of the 1933 ed. published by the Clarendon Press, Oxford 
504 |a Includes index 
651 0 |a Greece  |x Social life and customs. 
852 |a INST  |b LESVOS  |e 19981209  |h 938 ROB  |p 005100017598  |q 005100017598  |t BK  |y 0 
901 |a BIBL-1999-1 
909 |a Λ  |b 060389 
922 |a 1ΕΛΗ  |b 199810  |c ΚΠΣ/ΤΓ  |d ΠΑΠΑΣΩΤΗΡΙΟΥ 
950 |a 118-1998-07-18